| 000 | 00712nam a22002177a 4500 | ||
|---|---|---|---|
| 005 | 20100814150446.0 | ||
| 010 | _aENG-100494 | ||
| 020 |
_c70.00 _a9789380406190 |
||
| 035 | _aEN-84027 | ||
| 037 | _bDBAD/PUB | ||
| 082 | _a150 | ||
| 100 |
_aRaj, P.Nelson _913955 |
||
| 245 |
_aJohn Steinbeck's vision of man and nature / _cby P.Nelson Raj |
||
| 260 |
_aErode _bPallavi Publications _c2009 |
||
| 270 |
_a194, Kanna Complex, Mettur Road _bErode _e11 |
||
| 300 |
_a82p. _c21cm (pbk) |
||
| 500 | _a includes bibliographical references | ||
| 700 | _913414 | ||
| 942 |
_2ddc _cEN _h150 _mRAJ |
||
| 999 |
_c41942 _d41942 |
||